[Event "4NCL chT 1995/96 3rd"]
[Site "Various"]
[Date "1996.04.27"]
[Round "9.15"]
[White "Wallace, Paul Anthony"]
[Black "Rudd, Jack"]
[Result "1-0"]
[WhiteElo "2205"]
[BlackElo "2215"]
[PlyCount "79"]
[EventDate "1995.11.25"]
[EventType "team-tourn"]
[EventRounds "13"]
[EventCountry "GBR"]
[SourceTitle "BritBase"]
[Source "britbase.info"]
[SourceDate "2021.07.30"]
[SourceVersion "1"]
[SourceVersionDate "2021.07.30"]
[SourceQuality "1"]
[WhiteTeam "Na Fianna"]
[BlackTeam "Bristol"]
[WhiteTeamCountry "ENG"]
[BlackTeamCountry "ENG"]

1. e4 e5 2. Nf3 Nc6 3. Bb5 a6 4. Ba4 Nf6 5. O-O Nxe4 6. d4 b5 7. Bb3 d5 8. dxe5
Be6 9. Nbd2 Nc5 10. c3 Be7 11. Bc2 O-O 12. Nb3 Bg4 13. Nxc5 Bxc5 14. Qd3 g6 15.
Bf4 Re8 16. Bb3 Be6 17. Rad1 Ne7 18. Bg5 c6 19. Nd4 Qc7 20. Bf6 Nc8 21. f4 Bb6
22. f5 Bxf5 23. Qd2 Bc5 24. Rxf5 Bf8 25. Rf3 c5 26. Nf5 h5 27. Bxd5 Ra7 28.
Nh6+ Kh7 29. Nxf7 Nb6 30. Ng5+ Kh6 31. Ne6+ Kh7 32. Nxc7 Rxc7 33. Be4 Bg7 34.
Qg5 Bxf6 35. Qxg6+ Kh8 36. Qxe8+ Kg7 37. exf6+ Kh6 38. Qh8+ Kg5 39. Rf5+ Kg4
40. Qxh5# 1-0

[Event "4NCL chT 1995/96 3rd"]
[Site "Various"]
[Date "1996.04.27"]
[Round "9.17"]
[White "O'Siochru, Mairead Maura"]
[Black "Binks, Michael"]
[Result "0-1"]
[WhiteElo "2045"]
[BlackElo "2100"]
[PlyCount "60"]
[EventDate "1995.11.25"]
[EventType "team-tourn"]
[EventRounds "13"]
[EventCountry "GBR"]
[SourceTitle "BritBase"]
[Source "britbase.info"]
[SourceDate "2021.07.30"]
[SourceVersion "1"]
[SourceVersionDate "2021.07.30"]
[SourceQuality "1"]
[WhiteTeam "Na Fianna"]
[BlackTeam "Bristol"]
[WhiteTeamCountry "ENG"]
[BlackTeamCountry "ENG"]

1. c4 e5 2. Nc3 Nf6 3. g3 Bc5 4. Bg2 O-O 5. e3 d6 6. Nge2 c6 7. O-O Be6 8. d4
Bb6 9. b3 Qd7 10. Ba3 Re8 11. Qc2 exd4 12. Nxd4 Bxd4 13. exd4 d5 14. cxd5 cxd5
15. Rfe1 Nc6 16. Qd2 Bh3 17. Bh1 Rad8 18. Rad1 Qf5 19. Bc1 h6 20. Bg2 Bxg2 21.
Kxg2 Ne4 22. Nxe4 dxe4 23. Qe3 Nb4 24. Re2 Nd5 25. Qd2 Qf3+ 26. Kg1 Nc3 27.
Rde1 Nxe2+ 28. Qxe2 Qxe2 29. Rxe2 Rxd4 30. Be3 Rd1+ 0-1

[Event "4NCL chT 1995/96 3rd"]
[Site "Various"]
[Date "1996.04.27"]
[Round "9.21"]
[White "Knott, Simon JB"]
[Black "Chandler, Murray G"]
[Result "0-1"]
[WhiteElo "2315"]
[BlackElo "2535"]
[PlyCount "66"]
[EventDate "1995.11.25"]
[EventType "team-tourn"]
[EventRounds "13"]
[EventCountry "GBR"]
[SourceTitle "BritBase"]
[Source "britbase.info"]
[SourceDate "2021.07.30"]
[SourceVersion "1"]
[SourceVersionDate "2021.07.30"]
[SourceQuality "1"]
[WhiteTeam "Hertford"]
[BlackTeam "British Chess Magazine"]
[WhiteTeamCountry "ENG"]
[BlackTeamCountry "ENG"]

1. c4 e6 2. Nc3 d5 3. d4 c5 4. e3 Nf6 5. Nf3 Nc6 6. cxd5 exd5 7. Be2 cxd4 8.
Nxd4 Bd6 9. O-O O-O 10. b3 Be5 11. Nxc6 bxc6 12. Bb2 Qd6 13. f4 Bxc3 14. Bxc3
Ne4 15. Bb2 Re8 16. Bf3 f6 17. Rc1 Bf5 18. Bd4 a5 19. g4 Bd7 20. Qc2 a4 21. Qg2
axb3 22. axb3 Ra5 23. g5 fxg5 24. fxg5 Bf5 25. b4 Raa8 26. Bh5 Rf8 27. Rf4 Bg6
28. Bxg6 Qxg6 29. h4 Rxf4 30. exf4 Ra3 31. f5 Qd6 32. Bf2 Nxf2 33. Qxf2 Qxb4
0-1

[Event "4NCL chT 1995/96 3rd"]
[Site "Various"]
[Date "1996.04.27"]
[Round "9.22"]
[White "Bellin, Robert"]
[Black "Hanreck, Alan E"]
[Result "1/2-1/2"]
[WhiteElo "2385"]
[BlackElo "2255"]
[PlyCount "56"]
[EventDate "1995.11.25"]
[EventType "team-tourn"]
[EventRounds "13"]
[EventCountry "GBR"]
[SourceTitle "BritBase"]
[Source "britbase.info"]
[SourceDate "2021.07.30"]
[SourceVersion "1"]
[SourceVersionDate "2021.07.30"]
[SourceQuality "1"]
[WhiteTeam "British Chess Magazine"]
[BlackTeam "Hertford"]
[WhiteTeamCountry "ENG"]
[BlackTeamCountry "ENG"]

1. e4 c5 2. Nc3 Nc6 3. Nge2 e6 4. d4 d5 5. exd5 exd5 6. dxc5 d4 7. Ne4 Bf5 8.
N2g3 Bxe4 9. Nxe4 Bxc5 10. Nxc5 Qa5+ 11. Bd2 Qxc5 12. Bd3 Nge7 13. O-O O-O 14.
Re1 Ng6 15. a3 a5 16. f4 Rfe8 17. Qf3 a4 18. Re4 Rxe4 19. Qxe4 Qb6 20. Re1 Qxb2
21. f5 Nf8 22. Qg4 Qxa3 23. Bh6 g6 24. Qf4 Qb4 25. Rf1 Qe7 26. Bc4 gxf5 27.
Qxf5 Ne5 28. Bg5 Qc7 1/2-1/2

[Event "4NCL chT 1995/96 3rd"]
[Site "Various"]
[Date "1996.04.27"]
[Round "9.23"]
[White "Duncan, Christopher R"]
[Black "Cafferty, Bernard"]
[Result "1-0"]
[WhiteElo "2325"]
[BlackElo "2240"]
[PlyCount "61"]
[EventDate "1995.11.25"]
[EventType "team-tourn"]
[EventRounds "13"]
[EventCountry "GBR"]
[SourceTitle "BritBase"]
[Source "britbase.info"]
[SourceDate "2021.07.30"]
[SourceVersion "1"]
[SourceVersionDate "2021.07.30"]
[SourceQuality "1"]
[WhiteTeam "Hertford"]
[BlackTeam "British Chess Magazine"]
[WhiteTeamCountry "ENG"]
[BlackTeamCountry "ENG"]

1. c4 Nf6 2. Nc3 e6 3. e4 d5 4. e5 d4 5. exf6 dxc3 6. bxc3 gxf6 7. d4 b6 8. Qf3
c6 9. Bd3 Bb7 10. Ne2 Nd7 11. O-O Qc7 12. Bf4 Bd6 13. a4 a5 14. Rab1 Bxf4 15.
Nxf4 c5 16. Be4 O-O-O 17. Nd3 Ba6 18. dxc5 Bxc4 19. cxb6 Nxb6 20. Qxf6 Rhg8 21.
Rfd1 Rg4 22. Nc5 Rxd1+ 23. Rxd1 Bd5 24. Nxe6 fxe6 25. Bxd5 exd5 26. Qe6+ Qd7
27. Qxb6 Rxg2+ 28. Kh1 Qg4 29. Qc6+ Kd8 30. Rxd5+ Ke7 31. Rd7+ 1-0

[Event "4NCL chT 1995/96 3rd"]
[Site "Various"]
[Date "1996.04.27"]
[Round "9.24"]
[White "Friedgood, David"]
[Black "Swanson, Stephen"]
[Result "1/2-1/2"]
[WhiteElo "2285"]
[BlackElo "2250"]
[PlyCount "68"]
[EventDate "1995.11.25"]
[EventType "team-tourn"]
[EventRounds "13"]
[EventCountry "GBR"]
[SourceTitle "BritBase"]
[Source "britbase.info"]
[SourceDate "2021.07.30"]
[SourceVersion "1"]
[SourceVersionDate "2021.07.30"]
[SourceQuality "1"]
[WhiteTeam "British Chess Magazine"]
[BlackTeam "Hertford"]
[WhiteTeamCountry "ENG"]
[BlackTeamCountry "ENG"]

1. c4 Nf6 2. Nc3 c6 3. e4 d6 4. d4 e5 5. Nf3 Nbd7 6. Be2 Be7 7. O-O O-O 8. Rb1
Re8 9. b4 Bf8 10. Qc2 exd4 11. Nxd4 g6 12. b5 Qc7 13. Rd1 Nc5 14. Bf3 Bg4 15.
Bxg4 Nxg4 16. f3 Ne5 17. Nce2 Bg7 18. Ba3 h5 19. bxc6 bxc6 20. Nb3 Qe7 21. h3
Rab8 22. f4 Ned7 23. e5 dxe5 24. Rxd7 Qxd7 25. Rd1 Qc8 26. Bxc5 exf4 27. Nxf4
a5 28. Bd6 a4 29. Nd4 Rb7 30. c5 Rb4 31. Nf3 Ree4 32. Nd3 Rbc4 33. Qf2 Qf5 34.
Nfe5 Qxf2+ 1/2-1/2

[Event "4NCL chT 1995/96 3rd"]
[Site "Various"]
[Date "1996.04.27"]
[Round "9.25"]
[White "Byway, Paul V"]
[Black "Bellin, Jana"]
[Result "1/2-1/2"]
[WhiteElo "2240"]
[BlackElo "2195"]
[PlyCount "76"]
[EventDate "1995.11.25"]
[EventType "team-tourn"]
[EventRounds "13"]
[EventCountry "GBR"]
[SourceTitle "BritBase"]
[Source "britbase.info"]
[SourceDate "2021.07.30"]
[SourceVersion "1"]
[SourceVersionDate "2021.07.30"]
[SourceQuality "1"]
[WhiteTeam "Hertford"]
[BlackTeam "British Chess Magazine"]
[WhiteTeamCountry "ENG"]
[BlackTeamCountry "ENG"]

1. d4 Nf6 2. Nf3 b6 3. Bf4 Bb7 4. e3 d6 5. h3 g6 6. Nbd2 Bg7 7. Bc4 O-O 8. O-O
c5 9. c3 a6 10. a4 d5 11. Be2 Nc6 12. Qb3 c4 13. Qa3 Re8 14. b3 Bf8 15. Qb2
cxb3 16. c4 dxc4 17. Nxc4 Nd5 18. Bg3 b5 19. axb5 axb5 20. Qxb3 bxc4 21. Qxb7
Na5 22. Rxa5 Qxa5 23. Bxc4 e6 24. Ne5 Qa7 25. Bxd5 exd5 26. Qxd5 Bg7 27. Rb1
Rab8 28. Rxb8 Rxb8 29. Nc6 Qa1+ 30. Kh2 Re8 31. Bd6 Bf6 32. Be5 Bxe5+ 33. Nxe5
Qa7 34. Nd7 Qc7+ 35. g3 Kg7 36. Ne5 Qe7 37. h4 Qe6 38. Qf3 Qf6 1/2-1/2

[Event "4NCL chT 1995/96 3rd"]
[Site "Various"]
[Date "1996.04.27"]
[Round "9.27"]
[White "Savage, Ben D"]
[Black "Lauterbach, Ingrid"]
[Result "1-0"]
[WhiteElo "2150"]
[BlackElo "2180"]
[PlyCount "79"]
[EventDate "1995.11.25"]
[EventType "team-tourn"]
[EventRounds "13"]
[EventCountry "GBR"]
[SourceTitle "BritBase"]
[Source "britbase.info"]
[SourceDate "2021.07.30"]
[SourceVersion "1"]
[SourceVersionDate "2021.07.30"]
[SourceQuality "1"]
[WhiteTeam "Hertford"]
[BlackTeam "British Chess Magazine"]
[WhiteTeamCountry "ENG"]
[BlackTeamCountry "ENG"]

1. e4 d6 2. d4 Nf6 3. Nc3 g6 4. Nf3 Bg7 5. Be3 c6 6. Qd2 Qa5 7. Bd3 O-O 8. Bh6
Bg4 9. Bxg7 Kxg7 10. h4 h6 11. Nh2 e5 12. Nxg4 Nxg4 13. Be2 Nf6 14. f4 Nfd7 15.
h5 Rh8 16. O-O-O exf4 17. Rdf1 g5 18. g3 fxg3 19. Bc4 Rf8 20. Rf5 Qd8 21. Rhf1
f6 22. Qd3 g2 23. Rg1 Qe8 24. Ne2 b5 25. Bb3 Na6 26. Rxg2 Qxh5 27. Nf4 Qh1+ 28.
Kd2 Nc7 29. Qe2 Rae8 30. Nh5+ Kh7 31. Ng3 Qb1 32. Qh5 Qxb2 33. Rf3 Qxd4+ 34.
Rd3 Qe5 35. Nf5 Qf4+ 36. Re3 g4 37. Rxg4 Qf2+ 38. Re2 Qd4+ 39. Nxd4 Ne5 40.
Qxh6+ 1-0

[Event "4NCL chT 1995/96 3rd"]
[Site "Various"]
[Date "1996.04.27"]
[Round "9.28"]
[White "Anderton, David William"]
[Black "Seymour, Jane F"]
[Result "1-0"]
[WhiteElo "2195"]
[BlackElo "2040"]
[PlyCount "87"]
[EventDate "1995.11.25"]
[EventType "team-tourn"]
[EventRounds "13"]
[EventCountry "GBR"]
[SourceTitle "BritBase"]
[Source "britbase.info"]
[SourceDate "2021.07.30"]
[SourceVersion "1"]
[SourceVersionDate "2021.07.30"]
[SourceQuality "1"]
[WhiteTeam "British Chess Magazine"]
[BlackTeam "Hertford"]
[WhiteTeamCountry "ENG"]
[BlackTeamCountry "ENG"]

1. d4 Nf6 2. c4 e6 3. Nc3 Bb4 4. e3 Bxc3+ 5. bxc3 c5 6. Bd3 d6 7. Ne2 e5 8. f3
O-O 9. O-O Re8 10. Ng3 Nbd7 11. Qc2 Nf8 12. Bd2 Qe7 13. Rad1 h6 14. d5 b6 15.
Kh1 Kh8 16. Nf5 Bxf5 17. Bxf5 Kg8 18. a4 e4 19. f4 N8d7 20. Rc1 g6 21. Bh3 Kg7
22. Be1 Nh7 23. g4 g5 24. Bg3 f6 25. Bg2 Nhf8 26. h4 Ng6 27. h5 Nh8 28. Rf2
gxf4 29. exf4 f5 30. gxf5 Nf6 31. Bh4 Qf7 32. Rg1 Kf8 33. Bxf6 Qxf6 34. Bxe4
Qh4+ 35. Rh2 Qxf4 36. Bg2 Nf7 37. f6 Qxf6 38. Rf1 Qg5 39. Qf2 Qg7 40. Bh3 Re7
41. Be6 Ke8 42. Rg2 Ng5 43. Qf5 Rd8 44. Rgf2 1-0

[Event "4NCL chT 1995/96 3rd"]
[Site "Various"]
[Date "1996.04.27"]
[Round "9.31"]
[White "McDonald, Neil R"]
[Black "Adams, Michael"]
[Result "1-0"]
[WhiteElo "2450"]
[BlackElo "2660"]
[PlyCount "73"]
[EventDate "1995.11.25"]
[EventType "team-tourn"]
[EventRounds "13"]
[EventCountry "GBR"]
[SourceTitle "BritBase"]
[Source "britbase.info"]
[SourceDate "2021.07.30"]
[SourceVersion "1"]
[SourceVersionDate "2021.07.30"]
[SourceQuality "1"]
[WhiteTeam "Croydon 1859"]
[BlackTeam "Slough"]
[WhiteTeamCountry "ENG"]
[BlackTeamCountry "ENG"]

1. e4 e5 2. Nf3 Nc6 3. Bb5 a6 4. Bxc6 dxc6 5. d4 exd4 6. Qxd4 Qxd4 7. Nxd4 Bd7
8. Be3 O-O-O 9. Nd2 c5 10. Ne2 Bc6 11. O-O-O Nf6 12. f3 Be7 13. Nf4 b6 14. Nc4
Rxd1+ 15. Rxd1 Nd7 16. Bd2 Re8 17. Ne3 g6 18. Nfd5 Bd8 19. b3 h5 20. c4 Bb7 21.
a4 a5 22. h3 Bh4 23. Kc2 Bg3 24. Bc3 Re6 25. Be1 Be5 26. Nf1 Nb8 27. Ng3 Nc6
28. Ne2 Re8 29. Bc3 Bxc3 30. Ndxc3 h4 31. Kd2 Nd4 32. Nxd4 cxd4 33. Nb5 Rd8 34.
c5 Bc6 35. cxb6 Bxb5 36. axb5 c5 $4 {"An extraordinary oversight - Adams
simply forgot that McDonald could capture en passant!" (BCM)} (36... Kb7) 37.
bxc6 {Source: BCM, June 1996, p305} 1-0

[Event "4NCL chT 1995/96 3rd"]
[Site "Various"]
[Date "1996.04.27"]
[Round "9.32"]
[White "Lalic, Bogdan"]
[Black "Harley, Andrew D"]
[Result "1-0"]
[WhiteElo "2575"]
[BlackElo "2270"]
[PlyCount "79"]
[EventDate "1995.11.25"]
[EventType "team-tourn"]
[EventRounds "13"]
[EventCountry "GBR"]
[SourceTitle "BritBase"]
[Source "britbase.info"]
[SourceDate "2021.07.30"]
[SourceVersion "1"]
[SourceVersionDate "2021.07.30"]
[SourceQuality "1"]
[WhiteTeam "Slough"]
[BlackTeam "Croydon 1859"]
[WhiteTeamCountry "ENG"]
[BlackTeamCountry "ENG"]

1. d4 d5 2. c4 dxc4 3. Nf3 Nf6 4. e3 e6 5. Bxc4 c5 6. O-O a6 7. Bb3 Nc6 8. Qe2
Qc7 9. Nc3 Be7 10. dxc5 Bxc5 11. e4 Ng4 12. g3 O-O 13. Kg2 b5 14. h3 Nge5 15.
Bf4 Bd6 16. Rfd1 Rd8 17. Rxd6 Qxd6 18. Nxe5 Nd4 19. Qh5 Qe7 20. Bd1 Bb7 21. a3
Rac8 22. Nf3 Rc5 23. Qh4 Qxh4 24. gxh4 Nxf3 25. Bxf3 f5 26. Be3 Rc4 27. Be2 Rc6
28. f3 e5 29. exf5 Bc8 30. h5 Bxf5 31. h4 Kf7 32. Kf2 h6 33. Rc1 Ke6 34. Bd1
Bd3 35. Bb3+ Kf5 36. Rg1 Rd7 37. Rd1 Rcc7 38. Rxd3 Rxd3 39. Bc2 e4 40. fxe4+
1-0

[Event "4NCL chT 1995/96 3rd"]
[Site "Various"]
[Date "1996.04.27"]
[Round "9.33"]
[White "Wilson, Jonathan G"]
[Black "Summerscale, Aaron"]
[Result "1/2-1/2"]
[WhiteElo "2320"]
[BlackElo "2465"]
[PlyCount "64"]
[EventDate "1995.11.25"]
[EventType "team-tourn"]
[EventRounds "13"]
[EventCountry "GBR"]
[SourceTitle "BritBase"]
[Source "britbase.info"]
[SourceDate "2021.07.30"]
[SourceVersion "1"]
[SourceVersionDate "2021.07.30"]
[SourceQuality "1"]
[WhiteTeam "Croydon 1859"]
[BlackTeam "Slough"]
[WhiteTeamCountry "ENG"]
[BlackTeamCountry "ENG"]

1. d4 d5 2. c4 c6 3. Nf3 Nf6 4. Nc3 dxc4 5. a4 Bf5 6. Ne5 e6 7. f3 c5 8. e4
cxd4 9. exf5 Nc6 10. Nxc6 bxc6 11. fxe6 fxe6 12. Bxc4 dxc3 13. bxc3 Qxd1+ 14.
Kxd1 Nd5 15. Kc2 Rb8 16. Re1 Kd7 17. Be3 a5 18. Bd4 Be7 19. Be5 Bd6 20. g3 Rhf8
21. Bxg7 Rxf3 22. Bd4 e5 23. Be2 Rff8 24. Bg4+ Kc7 25. Rxe5 Rf2+ 26. Re2 Rxe2+
27. Bxe2 c5 28. Bg1 Nxc3 29. Bd3 h6 30. Bxc5 Bxc5 31. Kxc3 Rf8 32. Rf1 Rxf1
1/2-1/2

[Event "4NCL chT 1995/96 3rd"]
[Site "Various"]
[Date "1996.04.27"]
[Round "9.34"]
[White "Hennigan, Michael T"]
[Black "Gormally, Daniel"]
[Result "1-0"]
[WhiteElo "2450"]
[BlackElo "2265"]
[PlyCount "73"]
[EventDate "1995.11.25"]
[EventType "team-tourn"]
[EventRounds "13"]
[EventCountry "GBR"]
[SourceTitle "BritBase"]
[Source "britbase.info"]
[SourceDate "2021.07.30"]
[SourceVersion "1"]
[SourceVersionDate "2021.07.30"]
[SourceQuality "1"]
[WhiteTeam "Slough"]
[BlackTeam "Croydon 1859"]
[WhiteTeamCountry "ENG"]
[BlackTeamCountry "ENG"]

1. e4 c5 2. Nf3 d6 3. d4 cxd4 4. Nxd4 Nf6 5. Nc3 a6 6. Be3 e5 7. Nb3 Be7 8. f3
Be6 9. Qd2 Nbd7 10. g4 h6 11. O-O-O b5 12. h4 Nb6 13. Qf2 Nfd7 14. Kb1 Rc8 15.
Nd5 Bxd5 16. exd5 Nc4 17. Bc1 Qb6 18. Qxb6 Ndxb6 19. Bd3 g6 20. h5 g5 21. Rhe1
Kf8 22. Bf5 Rc7 23. Na1 Na4 24. c3 Kg7 25. Nc2 a5 26. Ka1 Bf6 27. Be4 Nc5 28.
b3 Nb6 29. Ne3 Be7 30. Nf5+ Kf6 31. Be3 Rb8 32. Nxh6 Nxe4 33. fxe4 Rxc3 34.
Bxb6 Rxb6 35. Rc1 Rxc1+ 36. Rxc1 Bd8 37. Nf5 1-0

[Event "4NCL chT 1995/96 3rd"]
[Site "Various"]
[Date "1996.04.27"]
[Round "9.35"]
[White "Ledger, Stephen C"]
[Black "Poulton, James"]
[Result "0-1"]
[WhiteElo "2225"]
[BlackElo "2350"]
[PlyCount "64"]
[EventDate "1995.11.25"]
[EventType "team-tourn"]
[EventRounds "13"]
[EventCountry "GBR"]
[SourceTitle "BritBase"]
[Source "britbase.info"]
[SourceDate "2021.07.30"]
[SourceVersion "1"]
[SourceVersionDate "2021.07.30"]
[SourceQuality "1"]
[WhiteTeam "Croydon 1859"]
[BlackTeam "Slough"]
[WhiteTeamCountry "ENG"]
[BlackTeamCountry "ENG"]

1. d4 d5 2. Nf3 e6 3. Bf4 c5 4. c3 Nc6 5. e3 Nf6 6. Nbd2 Be7 7. h3 O-O 8. Be2
b6 9. O-O Bb7 10. Ne5 Nxe5 11. Bxe5 Qc8 12. Re1 Ne4 13. Nxe4 dxe4 14. Qb3 Rd8
15. Rac1 Ba6 16. Bc4 Bxc4 17. Qxc4 Rd5 18. Red1 Qc6 19. Qe2 f6 20. Bg3 Rad8 21.
Qg4 R5d7 22. dxc5 bxc5 23. Rxd7 Rxd7 24. Rd1 Rd3 25. Rxd3 exd3 26. Kf1 d2 27.
Ke2 Qd5 28. Kd1 Qxa2 29. Kxd2 Qxb2+ 30. Kd3 Qb3 31. Qf4 Qd1+ 32. Kc4 Qd5+ 0-1

[Event "4NCL chT 1995/96 3rd"]
[Site "Various"]
[Date "1996.04.27"]
[Round "9.42"]
[White "Ferguson, Mark"]
[Black "Wall, Gavin"]
[Result "0-1"]
[WhiteElo "2360"]
[BlackElo "2265"]
[PlyCount "44"]
[EventDate "1995.11.25"]
[EventType "team-tourn"]
[EventRounds "13"]
[EventCountry "GBR"]
[SourceTitle "BritBase"]
[Source "britbase.info"]
[SourceDate "2021.07.30"]
[SourceVersion "1"]
[SourceVersionDate "2021.07.30"]
[SourceQuality "1"]
[WhiteTeam "Guildford"]
[BlackTeam "Richmond"]
[WhiteTeamCountry "ENG"]
[BlackTeamCountry "ENG"]

1. e4 e5 2. Nf3 Nc6 3. Nc3 Nf6 4. Bb5 Nd4 5. Bc4 d6 6. Nxd4 exd4 7. Nd5 Ng4 8.
Be2 Ne5 9. f4 c6 10. Nb4 d5 11. Nd3 Nxd3+ 12. Bxd3 Qh4+ 13. g3 Qh3 14. Qe2 Bg4
15. Qf2 dxe4 16. Bxe4 O-O-O 17. Qg2 Qxg2 18. Bxg2 d3 19. O-O Bc5+ 20. Kh1 Be2
21. cxd3 Bxf1 22. Bxf1 Rhe8 0-1

[Event "4NCL chT 1995/96 3rd"]
[Site "Various"]
[Date "1996.04.27"]
[Round "9.44"]
[White "Abayasekera, Roger"]
[Black "Franklin, Michael J"]
[Result "1/2-1/2"]
[WhiteElo "2250"]
[BlackElo "2280"]
[PlyCount "88"]
[EventDate "1995.11.25"]
[EventType "team-tourn"]
[EventRounds "13"]
[EventCountry "GBR"]
[SourceTitle "BritBase"]
[Source "britbase.info"]
[SourceDate "2021.07.30"]
[SourceVersion "1"]
[SourceVersionDate "2021.07.30"]
[SourceQuality "1"]
[WhiteTeam "Guildford"]
[BlackTeam "Richmond"]
[WhiteTeamCountry "ENG"]
[BlackTeamCountry "ENG"]

1. Nf3 Nf6 2. c4 e6 3. g3 d5 4. b3 Be7 5. Bb2 O-O 6. Bg2 c5 7. O-O Nc6 8. cxd5
Nxd5 9. Nc3 Nxc3 10. Bxc3 Rb8 11. d3 b6 12. Qd2 Bb7 13. Qb2 Bf6 14. Bxf6 Qxf6
15. Qxf6 gxf6 16. Rfc1 Rfd8 17. Kf1 f5 18. Rab1 Rd7 19. a3 Rbd8 20. b4 cxb4 21.
axb4 Nd4 22. Nxd4 Bxg2+ 23. Kxg2 Rxd4 24. Rc7 R8d7 25. Rc8+ Kg7 26. f4 R4d5 27.
b5 Rd4 28. Kf3 Ra4 29. h3 Rdd4 30. Rc7 h5 31. h4 Rdb4 32. Rxb4 Rxb4 33. Rxa7
Rxb5 34. Rb7 Rb1 35. e4 fxe4+ 36. dxe4 Rb3+ 37. Kf2 Kf6 38. Kg2 Rb4 39. Kf3 Rb2
40. Ke3 b5 41. Kf3 Kg6 42. Rb6 Rb3+ 43. Kg2 Kg7 44. Rb8 Rb2+ 1/2-1/2

[Event "4NCL chT 1995/96 3rd"]
[Site "Various"]
[Date "1996.04.27"]
[Round "9.45"]
[White "Beake, Ben"]
[Black "Bisby, Daniel L"]
[Result "1-0"]
[WhiteElo "2265"]
[BlackElo "2165"]
[PlyCount "42"]
[EventDate "1995.11.25"]
[EventType "team-tourn"]
[EventRounds "13"]
[EventCountry "GBR"]
[SourceTitle "BritBase"]
[Source "britbase.info"]
[SourceDate "2021.07.30"]
[SourceVersion "1"]
[SourceVersionDate "2021.07.30"]
[SourceQuality "1"]
[WhiteTeam "Richmond"]
[BlackTeam "Guildford"]
[WhiteTeamCountry "ENG"]
[BlackTeamCountry "ENG"]

1. d4 d5 2. Nc3 c6 3. Bg5 Nf6 4. e3 Bf5 5. Bd3 Bg6 6. f4 e6 7. Nf3 Be7 8. O-O
Nbd7 9. Ne5 Bh5 10. Qe1 c5 11. Bb5 O-O 12. Qh4 h6 13. Nxd7 hxg5 14. Nxf6+ Bxf6
15. Qxh5 c4 16. fxg5 Bxg5 17. Rf3 Bh6 18. Raf1 Qg5 19. Qxg5 Bxg5 20. e4 Rad8
21. exd5 exd5 1-0

[Event "4NCL chT 1995/96 3rd"]
[Site "Various"]
[Date "1996.04.27"]
[Round "9.51"]
[White "Emms, John M"]
[Black "Littlewood, John Eric"]
[Result "1-0"]
[WhiteElo "2500"]
[BlackElo "2275"]
[PlyCount "87"]
[EventDate "1995.11.25"]
[EventType "team-tourn"]
[EventRounds "13"]
[EventCountry "GBR"]
[SourceTitle "BritBase"]
[Source "britbase.info"]
[SourceDate "2021.07.30"]
[SourceVersion "1"]
[SourceVersionDate "2021.07.30"]
[SourceQuality "1"]
[WhiteTeam "Wood Green"]
[BlackTeam "North West Eagles"]
[WhiteTeamCountry "ENG"]
[BlackTeamCountry "ENG"]

1. e4 e5 2. Nf3 Nc6 3. Bb5 d6 4. O-O Bd7 5. d4 exd4 6. Nxd4 g6 7. Nc3 Bg7 8.
Bxc6 bxc6 9. Be3 Nf6 10. Qd2 Ng4 11. Bf4 O-O 12. Nf3 f5 13. h3 fxe4 14. Nxe4
Nf6 15. Rae1 Nxe4 16. Rxe4 Qf6 17. Be5 Qf5 18. Rf4 Qe6 19. Bxg7 Rxf4 20. Qxf4
Kxg7 21. Ng5 Qe7 22. Qd4+ Kg8 23. Nf3 Rf8 24. Re1 Qf6 25. Qxf6 Rxf6 26. Re3 Re6
27. Ra3 Re2 28. Rxa7 Rxc2 29. Rxc7 Be6 30. Nd4 Rc1+ 31. Kh2 Bd5 32. Kg3 Rc4 33.
Ne2 Rc2 34. Nc3 Rxb2 35. Nxd5 cxd5 36. a4 Ra2 37. Ra7 d4 38. Kf3 d3 39. Ke3 d5
40. a5 d4+ 41. Kxd3 Rxf2 42. a6 Ra2 43. Kxd4 Ra5 44. Kc4 1-0

[Event "4NCL chT 1995/96 3rd"]
[Site "Various"]
[Date "1996.04.27"]
[Round "9.52"]
[White "Merriman, John"]
[Black "Pein, Malcolm"]
[Result "0-1"]
[WhiteElo "2270"]
[BlackElo "2430"]
[PlyCount "62"]
[EventDate "1995.11.25"]
[EventType "team-tourn"]
[EventRounds "13"]
[EventCountry "GBR"]
[SourceTitle "BritBase"]
[Source "britbase.info"]
[SourceDate "2021.07.30"]
[SourceVersion "1"]
[SourceVersionDate "2021.07.30"]
[SourceQuality "1"]
[WhiteTeam "North West Eagles"]
[BlackTeam "Wood Green"]
[WhiteTeamCountry "ENG"]
[BlackTeamCountry "ENG"]

1. d4 Nf6 2. c4 e6 3. Nc3 Bb4 4. e3 c5 5. Nge2 d5 6. cxd5 Nxd5 7. a3 cxd4 8.
exd4 Ba5 9. g3 Nc6 10. Bd2 Nxc3 11. Bxc3 Qd5 12. Rg1 Bxc3+ 13. bxc3 O-O 14. Bg2
Qd6 15. f4 Bd7 16. Qb1 b6 17. Be4 h6 18. g4 f6 19. Qa2 Rac8 20. Rb1 Kh8 21. Rg3
f5 22. Bd3 fxg4 23. Rxg4 Be8 24. Ng3 Ne7 25. Ne4 Qd5 26. Qf2 Bh5 27. Rb5 Bxg4
28. Rxd5 Nxd5 29. Nd6 Rxf4 30. Qg3 Rxc3 31. Nf7+ Kg8 0-1

[Event "4NCL chT 1995/96 3rd"]
[Site "Various"]
[Date "1996.04.27"]
[Round "9.54"]
[White "Quillan, Gary"]
[Black "Martin, Benjamin"]
[Result "0-1"]
[WhiteElo "2310"]
[BlackElo "2375"]
[PlyCount "106"]
[EventDate "1995.11.25"]
[EventType "team-tourn"]
[EventRounds "13"]
[EventCountry "GBR"]
[SourceTitle "BritBase"]
[Source "britbase.info"]
[SourceDate "2021.07.30"]
[SourceVersion "1"]
[SourceVersionDate "2021.07.30"]
[SourceQuality "1"]
[WhiteTeam "North West Eagles"]
[BlackTeam "Wood Green"]
[WhiteTeamCountry "ENG"]
[BlackTeamCountry "ENG"]

1. e4 e6 2. d4 d5 3. Nd2 Nf6 4. e5 Nfd7 5. c3 c5 6. Bd3 Nc6 7. Ne2 Qb6 8. Nf3
cxd4 9. cxd4 f6 10. exf6 Nxf6 11. O-O Bd6 12. Re1 O-O 13. Nf4 Bd7 14. Be3 Ne4
15. Ne5 Nxe5 16. dxe5 Bc5 17. Bxe4 Bxe3 18. Bxh7+ Kxh7 19. Qd3+ Kg8 20. Qxe3
Qxe3 21. fxe3 Rf5 22. Rac1 Rxe5 23. Rc7 Be8 24. Nd3 Rf5 25. Rxb7 Rf7 26. Rxf7
Kxf7 27. Rc1 Bb5 28. Rc7+ Kf6 29. Nc5 e5 30. a4 Be8 31. b4 d4 32. Kf2 Rd8 33.
Rxa7 d3 34. Ne4+ Kf5 35. Nd2 e4 36. Re7 Bc6 37. b5 Bd5 38. Nf1 Rc8 39. g4+ Kf6
40. Rd7 Rc2+ 41. Kg3 Ke6 42. Rxg7 d2 43. Nxd2 Rxd2 44. a5 Re2 45. Kf4 Kf6 46.
Rd7 Rf2+ 47. Kg3 Rf3+ 48. Kh4 Ke6 49. Rd8 Rxe3 50. g5 Rd3 51. a6 Ke7 52. Rb8 e3
53. Kg3 Rd1 0-1